000 01105nam a22002657a 4500
001 8926
003 FISKH
005 20251110101658.0
008 251110b cb ||||| |||| 00| 0 eng d
020 _a0854761985
040 _aFISKH
_beng
_cFISKH
_dFISKH
050 _aPZ7
082 _a813
100 _aSimmons, Kim
_eAuthor
245 _aThe most exciting place /
_cBy Kim Simmons
260 _aLondon :
_bVictory Press ,
_c1973
300 _a104 pages :
_c20 cm
505 _aR
520 _aA young boy, Tom, who embarks on a thrilling adventure in a seemingly ordinary setting. The story focuses on Tom’s growing awareness of the world around him and his desire to find excitement and adventure, even in his everyday life. As he encounters various characters and situations, he discovers that the most exciting place isn’t necessarily a far-off destination or a grand event, but rather the places and people we often overlook in our daily lives.
521 8 _a720
_bLexile estimate
521 8 _aR
_bRaz-Plus
650 _aNovel
_vAdventure
942 _2ddc
_cBK
_n0
999 _c8926
_d8926